000 00720nam a22002057a 4500
005 20100726130117.0
010 _aENG-97100
020 _c600.00
035 _aEN-80633
037 _bDBAD/PUB
082 _a954.052
100 _aGill, Avtar Singh
_91457
245 _aThe bleeding limbs of the sikhs :
_cby Avtar Singh Gill
_bstark reality revealed /
260 _aPunjab
_bJaswant Publisher
_c2009
270 _a41/-100-j,Bhai Ranbir singh Nagar
_bPunjab
300 _a414p.
_c23cm (Hb)
700 _91414
942 _2ddc
_cEN
_h954.052
_mGIL
999 _c37701
_d37701